European Countries that were absent from Eurovision 2024 - Statistics

General Stats
  • This quiz has been taken 236 times
  • The average score is 12 of 14
Answer Stats
Country % Correct
Russia
96%
Belarus
94%
Andorra
91%
Bulgaria
91%
Montenegro
90%
Romania
90%
Bosnia and Herzegovina
88%
North Macedonia
87%
Hungary
86%
Slovakia
86%
Monaco
84%
Liechtenstein
73%
Kosovo
71%
Vatican City
71%
No matching quizzes found
Score Distribution
Percent of People with Each Score
Percentile by Number Answered
Your Score History
You have not taken this quiz